000
00296nam a22001337a 4500
008
170829b xxu||||| |||| 00| 0 eng d
020
_a
9780534562069
041
_a
eng
080
_2
6ED
_a
070
100
_a
39
101
_a
MED
245
_a
WORLD SOLIDE MEDIA
_c
KESSLER.L
942
_2
udc
_c
BK
999
_c
25398
_d
25398